Super Smash Bros Ultimate All Characters - Statistics

General Stats
  • This quiz has been taken 16 times
  • The average score is 62 of 86
Answer Stats
Hint Answer % Correct
The Legend of _____ Link
100%
Super _____ Bros. Luigi
100%
Super _____ Bros. Mario
100%
Pokemon Pikachu
100%
The Legend of _____ Zelda
100%
Super _____ Bros. Bowser
92%
Super _____ Bros. Daisy
92%
______ ____ Country Donkey Kong
92%
Star ___ Falco
92%
Star ___ Fox
92%
Splatoon Inkling
92%
Street Fighter Ken
92%
_____ Kirby
92%
Super _____ Bros. Peach
92%
Street Fighter Ryu
92%
Metroid Samus
92%
_____ the Hedgehog Sonic
92%
Minecraft Steve/Alex
92%
The Legend of _____ Toon Link
92%
F-Zero Captain Falcon
85%
Kid Icarus Dark Pit
85%
______ ____ Country Diddy Kong
85%
The Legend of _____ Ganondorf
85%
Mother Lucas
85%
Pokemon Pichu
85%
Kid Icarus Pit
85%
Metal Gear Solid Snake
85%
_____ Ware Wario
85%
Metroid Zero Suit Samus
85%
_____-_______ Banjo and Kazooie
77%
Final Fantasy Cloud
77%
Persona Joker
77%
Punch-Out!!! Little Mac
77%
Pokemon Lucario
77%
_____ Meta Knight
77%
Pokemon Mewtwo
77%
Mother Ness
77%
Pokemon Pokemon Trainer
77%
The Legend of _____ Sheik
77%
Kingdom Hearts Sora
77%
Animal Crossing Villager
77%
The Legend of _____ Young Link
77%
_________ Bayonetta
69%
Super _____ Bros. Bowser Jr.
69%
Metroid Dark Samus
69%
Super _____ Bros. Dr. Mario
69%
____ ____ Duck Hunt
69%
Pokemon Greninja
69%
Pokemon Incineroar
69%
_____ King Dedede
69%
Super Smash Bros Mii Brawler
69%
Super Smash Bros Mii Gunner
69%
Super Smash Bros Mii Swordfighter
69%
____ & _____ Mr. Game and Watch
69%
Pikmin Olimar
69%
Star ___ Wolf
69%
Fire Emblem Ike
62%
Pokemon Jigglypuff
62%
Tekken Kazuya
62%
Fire Emblem Marth
62%
Arms Min Min
62%
Kid Icarus Palutena
62%
Metroid Ridley
62%
Gyromite R.O.B
62%
Final Fantasy Sephiroth
62%
Castlevania Simon
62%
Fatal Fury Terry
62%
_____ Yoshi
62%
Dragon Quest Hero
54%
___ _______ Ice Climbers
54%
Animal Crossing Isabelle
54%
______ ____ Country King K. Rool
54%
Fire Emblem Lucina
54%
Castlevania Richter
54%
Fire Emblem Roy
54%
Fire Emblem Byleth
46%
Fire Emblem Corrin
46%
____ ___ Mega Man
46%
___-___ Pac-Man
46%
Super _____ Bros. Piranha Plant
46%
Xenoblade Pyra/Mythra
46%
Fire Emblem Robin
46%
Xenoblade Shulk
46%
Fire Emblem Chrom
38%
Super _____ Bros. Rosalina and Luma
38%
___ ___ Wii Fit Trainer
31%
No matching quizzes found
Score Distribution
Percent of People with Each Score
Percentile by Number Answered
Your Score History
You have not taken this quiz